UM Logo

Applied sociology: (Record no. 2545)

MARC details
000 -LEADER
fixed length control field 00691nam a22001937a 4500
008 - FIXED-LENGTH DATA ELEMENTS--GENERAL INFORMATION
fixed length control field 160517b xxu||||| |||| 00| 0 eng d
020 ## - INTERNATIONAL STANDARD BOOK NUMBER
International Standard Book Number 978-971-821-077-2
082 ## - DEWEY DECIMAL CLASSIFICATION NUMBER
Edition number 2006
Classification number DFil 301.599
Item number C11a
245 ## - TITLE STATEMENT
Title Applied sociology:
Remainder of title a modular approach(textbook in general sociology)/
Statement of responsibility, etc. Danilo Hipolito Cabalu [and three others].
250 ## - EDITION STATEMENT
Edition statement 2006 Edition.
260 ## - PUBLICATION, DISTRIBUTION, ETC. (IMPRINT)
Place of publication, distribution, etc. Malabon City:
Name of publisher, distributor, etc. Mutya Publishing House,
Date of publication, distribution, etc. c2006.
300 ## - PHYSICAL DESCRIPTION
Extent 245 pages;
Dimensions 25 cm.
500 ## - GENERAL NOTE
General note Includes bibliographical references.
650 #0 - SUBJECT ADDED ENTRY--TOPICAL TERM
9 (RLIN) 8412
Topical term or geographic name as entry element Sociology
Geographic subdivision Philippines
700 ## - ADDED ENTRY--PERSONAL NAME
9 (RLIN) 8413
Personal name Pasigui, Ronnie E.
700 ## - ADDED ENTRY--PERSONAL NAME
9 (RLIN) 8414
Personal name Sadsad, Evelyn S.
700 ## - ADDED ENTRY--PERSONAL NAME
9 (RLIN) 8415
Personal name Wright, James Alfred.
942 ## - ADDED ENTRY ELEMENTS (KOHA)
Source of classification or shelving scheme Dewey Decimal Classification
Koha item type Filipiniana
Holdings
Withdrawn status Lost status Source of classification or shelving scheme Damaged status Not for loan Collection code Home library Current library Date acquired Source of acquisition Total Checkouts Full call number Barcode Date last seen Copy number Price effective from Koha item type
    Dewey Decimal Classification     Filipiniana UM Digos College - LIC UM Digos College - LIC 11/24/2009 Purchased   DFil 301.599 C11a 2006 20571 05/15/2025 3 05/17/2016 Filipiniana
    Dewey Decimal Classification     Filipiniana UM Digos College - LIC UM Digos College - LIC 11/24/2009 Purchased   DFil 301.599 C11a 2006 20570 05/15/2025 2 05/17/2016 Filipiniana
    Dewey Decimal Classification     Filipiniana UM Digos College - LIC UM Digos College - LIC 11/24/2009 Purchased   DFil 301.599 C11a 2006 20569 05/15/2025 1 05/17/2016 Filipiniana